Dziwne zakazy i nakazy na świecie - Statystyki

Ogólne statystyki
  • Ten quiz został rozwiązany 38 razy
  • Średni wynik to 4 z 24
Statystyki odpowiedzi
Zakaz/ nakaz Państwo % Poprawnych
Zakaz przywozu gumy do żucia. Singapur
87%
Nie wolno deptać tamtejszych pieniędzy, ponieważ znajduje się na nich wizerunek króla. Można za to trafić do więzienia. Tajlandia
45%
Nielegalne jest tam noszenie zbroi w Parlamencie. Wielka Brytania
45%
W tym kraju jest prawo, które zabrania kierowcom używania czarnej lub ciemnej kolorystyki samochodów, z wyjątkiem samochodów rządowych. Turkmenistan
35%
Nie można umierać na terenie gmachu. Wielka Brytania
35%
Po godzinie 22:00 zabronione jest spuszczanie wody w toaletach, ale zakaz ten nie dotyczy osób mieszkających w domach, mandat można dostać także za pozostawienie kluczyków w samochodzie. Szwajcaria
26%
Żarówka może zostać wymieniona jedynie przez w pełni wykwalifikowanego elektryka. Australia
19%
W tym kraju kierowcy kierujący samochodami elektrycznymi nie mogą zatrzymywać się na przejściu dla pieszych Chiny
16%
W tym kraju, pod groźbą utraty auta, nie wolno wozić prywatnym samochodem nikogo oprócz najbliższej rodziny. Kuba
16%
Łosiom nie wolno uprawiać seksu na ulicach, natomiast kangury mają zakaz przebywania w salonach fryzjerskich. USA
13%
Musisz wpuścić do domu każdego, kto zapuka i powie, że chce skorzystać z toalety. Wielka Brytania
13%
Kobiety są zobligowane do noszenia biustonosza w miejscach, w których jest klimatyzacja. Japonia
10%
W tym kraju jeden na pięć utworów emitowanych w radiu musi być śpiewany przez rodaka. Kanada
10%
W tym kraju istnieje limit długości włosów - maksimum 36 cm. Kobietom zakazuje się ponadto noszenia spódniczek mini. Grozi za to więzienie. Tanzania
10%
Nie można przewozić w taxi ludzkich zwłok i wściekłych psów. Poza tym nie można zatrzymywać taksówki na ulicy, jeśli choruje się na dżumę. Wielka Brytania
10%
W tym kraju mężczyzna spóźniający się do pracy może usprawiedliwić się, twierdząc, że kochał się z żoną. Grecja
6%
W tym kraju nie wolno w nocy udawać osób niewidomych. Holandia
6%
Masturbacja karana jest ścięciem głowy. Indonezja
6%
W tym kraju policjanci mają obowiązek zgłaszać wszelkie łapówki, jakie dostali od kierowców. Korea Południowa
6%
Jeśli jedziesz rowerem, nie powinieneś ściągać obu nóg z pedałów. Meksyk
6%
Podczas pełni księżyca zakazane jest spożywanie surowego boczku. Norwegia
6%
Ciężarne kobiety mogą oddawać mocz, gdziekolwiek im się podoba, nawet na zatłoczonej ulicy. Wielka Brytania
6%
Nie wolno przeklinać i wymachiwać w rękami, kiedy obok przejeżdża kolumna samochodów państwowych. Zimbabwe
6%
Zakaz posiadania lornetek, które są uznawane za sprzęt wojskowy. Zakaz wywożenia z kraju róż pustyni i koralowców. Algieria
3%
Nie znaleziono quizów pasujących do podanych kryteriów
Rozkład punktacji
Procent ludzi z każdym wynikiem
Percentyl według liczby udzielonych odpowiedzi
Twoja historia wyników
Nie rozwiązałeś tego quizu